|
|
|
|
| LEADER |
00000nab a2200000 a 4500 |
| 001 |
vtls000068782 |
| 003 |
SK-MaSNL |
| 005 |
20260304215609.0 |
| 008 |
111103c1980 xo 0 slo |
| 015 |
|
|
|a SNBRB19rr/mm-uuuuu
|
| 035 |
|
|
|a CL0078882
|
| 040 |
|
|
|a SNKBUCL
|b slo
|c SNKBUCL
|e AACR2
|
| 041 |
0 |
|
|a slo
|
| 044 |
|
|
|a xo
|c SK
|
| 080 |
|
|
|a 792.07
|2 1981
|
| 080 |
|
|
|a 929 Bagar, Andrej
|2 1981
|
| 100 |
1 |
|
|a Čavojský, Ladislav,
|d 1932-2014
|4 aut
|9 101804
|
| 245 |
1 |
0 |
|a Hral divadlo, žil život
|b k nedožitým osemdesiatinám Andreja Bagara
|c Ladislav Čavojský
|
| 600 |
1 |
7 |
|a Bagar, Andrej,
|d 1900-1966
|2 snkbucl
|9 38063
|
| 655 |
|
7 |
|a články z novín a časopisov
|2 snkbucl
|9 267496
|
| 773 |
0 |
|
|t Práca
|g Roč. 35, č. 256 (29.10.1980), s. 6
|
| 850 |
|
|
|a Slovenská národná knižnica v Martine
|a MTA001
|
| 852 |
|
|
|a SNK
|b KIS3GCP
|
| 958 |
|
|
|a RK
|
| 992 |
|
|
|a RBX
|
| 999 |
|
|
|c 3147301
|d 3149231
|